| 000 | 02314cam a22003975i 4500 | ||
|---|---|---|---|
| 999 |
_c27901 _d27872 |
||
| 001 | 20619445 | ||
| 003 | EG-ScBUE | ||
| 005 | 20191127123744.0 | ||
| 008 | 180807t20182018stk f b 001 0 eng d | ||
| 020 | _a9781474415606 (paperback) | ||
| 020 | _a1474415601 (paperback) | ||
| 035 | _a(OCoLC)on1012731027 | ||
| 040 |
_aYDX _beng _erda _cYDX _dBDX _dNLE _dOCLCO _dCDX _dOCLCF _dL2U _dDLC _dEG-ScBUE |
||
| 043 | _ae-uk--- | ||
| 082 | 0 | 4 |
_a820.99287 _bRIL _222 |
| 100 | 1 |
_aRiley, Catherine E., _eauthor. |
|
| 245 | 1 | 0 |
_aFeminism and women's writing : _ban introduction / _cCatherine Riley with Lynne Pearce. |
| 246 | 1 | 4 | _aFeminism & women's writing |
| 264 | 1 |
_aEdinburgh : _bEdinburgh University Press, _c[2018] |
|
| 264 | 4 | _cc2018 | |
| 300 |
_axviii, 204 pages ; _c24 cm |
||
| 336 |
_atext _btxt _2rdacontent |
||
| 337 |
_aunmediated _bn _2rdamedia |
||
| 338 |
_avolume _bnc _2rdacarrier |
||
| 504 | _aIncludes bibliographical references and index. | ||
| 505 | 8 | _aIntroduction -- Part I. Debates : Gendering the canon -- Gender -- Body/image -- Not straight sex -- Ethnicity -- Part II. Genres : Romance -- Crime -- Science fiction -- Life-writing -- Historical fiction. | |
| 520 | _aThis book clearly and succinctly introduces the ways in which feminist ideas have transformed the form and content of women's fiction and non-fiction writing. The Introduction sets out the critical background and the main feminist critical approaches to literature. Part I, Debates, contains chapters which outline feminist engagements with the canon, gender, the body, sexual difference and ethnicity to demonstrate the ways in which feminist ideas have affected the content of women's literature. In Part II, Genres, five chapters examine types of fiction writing, romance, crime, science fiction, life-writing and historical fiction, to show the effect of feminist ideas on the form of women's literature--back cover. | ||
| 650 | 7 |
_aFeminism in literature. _2BUEsh |
|
| 650 | 7 |
_aWomen and literature. _2BUEsh |
|
| 650 | 7 |
_aEnglish literature _xWomen authors _y20th century _xHistory and criticism. _2BUEsh |
|
| 650 | 7 |
_aEnglish literature _xWomen authors _y21st century _xHistory and criticism. _2BUEsh |
|
| 653 |
_bHHUUEENN _cNovember2019 |
||
| 655 | _vReading book | ||
| 700 | 1 |
_aPearce, Lynne, _eauthor. |
|
| 942 |
_2ddc _cBB |
||